[Event "KB Czech Open"]
[Site "Pardubice CZE"]
[Date "2000.07.25"]
[Round "5"]
[White "Filipenko,A"]
[Black "Potkin,V"]
[Result "1/2-1/2"]
[WhiteElo "2373"]
[BlackElo "2420"]

1.e4 c5 2.Ne2 Nc6 3.d4 cxd4 4.Nxd4 e6 5.Nc3 Qc7 6.f4 a6 7.Nxc6 Qxc6 8.Bd3 b5
9.Qe2 Bb7 10.Bd2 Bc5 11.O-O-O Ne7 12.Qg4 O-O 13.f5 b4 14.Ne2 exf5 15.exf5 Qxg2
16.Qf4 Qf2 17.Qxf2 Bxf2 18.Rhf1 Bc5 19.f6 gxf6 20.Ng3 Ng6 21.Nh5 Be7 22.Nxf6+ Bxf6
23.Rxf6 a5 24.Rg1 Rfe8 25.h4 Re5 26.Rf5 Rxf5 27.Bxf5 Bf3 28.Rg3 Be2 29.Rg2 Bf3
30.Rg3 Be2 31.Be3 h5 32.Kd2 Bg4 33.Bxg4 hxg4 34.Rxg4 Kh7 35.Bd4 d6 36.Rg5 Kh6
37.Rd5 Nxh4 38.Rxd6+ Kh5 39.Bf2 f5 40.Rd5 Nf3+ 41.Kd3 Kg4 42.c4 bxc3 43.bxc3 a4
44.c4 Rb8 45.Rb5  1/2-1/2

[Event "ch-HUN Women"]
[Site "Budapest HUN"]
[Date "2000.07.26"]
[Round "6"]
[White "Dembo,Y"]
[Black "Medvegy,N"]
[Result "1/2-1/2"]
[WhiteElo "2322"]
[BlackElo "2350"]

1.e4 c5 2.Nf3 e6 3.d4 cxd4 4.Nxd4 Nc6 5.Nc3 Qc7 6.Be3 a6 7.Bd3 Nf6 8.O-O Ne5
9.h3 Bc5 10.Be2 O-O 11.f4 d6 12.Qd2 Ng6 13.Nb3 Bxe3+ 14.Qxe3 b5 15.f5 Ne5
16.fxe6 fxe6 17.Bd3 Bb7 18.Rae1 Rae8 19.a3 Ba8 20.Nd4 Qc5 21.Nf3 Nfd7 22.Nd4 Nf6
23.Nf3 Nfd7 24.Nd4 Rxf1+ 25.Bxf1 Nc4 26.Bxc4 Qxc4 27.Nf3 b4 28.Nd2 Qc5 29.axb4 Qxb4
30.Nb3 Ne5 31.Qd4 Nc6 32.Qxb4 Nxb4 33.Re2 Kf7 34.Nd4 Rc8 35.Kf2 Ke7 36.Ke3 g6
37.Nf3 Nc6 38.Na4 Rb8 39.b3 Nb4 40.Rd2 Bc6 41.Nc3 Rc8 42.Nd1 a5 43.Nd4 Bd7
44.c3 Nc6 45.Ra2 Rb8 46.Ra3 e5 47.Nf3 Be6 48.Nd2 g5 49.Nb2 h6 50.Nbc4 Rb5
51.Kd3 Bxc4+ 52.Kxc4 Rc5+ 53.Kd3 Ke6 54.g4  1/2-1/2

[Event "KB Czech Open"]
[Site "Pardubice CZE"]
[Date "2000.07.27"]
[Round "7"]
[White "Manik,M"]
[Black "Schenk,Andreas"]
[Result "0-1"]
[WhiteElo "2425"]
[BlackElo "2325"]

1.e4 c5 2.Nf3 e6 3.d4 cxd4 4.Nxd4 Nc6 5.Nc3 Qc7 6.Nxc6 dxc6 7.f4 e5 8.Qf3 Nf6
9.f5 Bc5 10.Be3 a6 11.g4 h6 12.Bd2 b5 13.O-O-O Bb7 14.Ne2 O-O-O 15.Ng3 Be7
16.h4 c5 17.g5 c4 18.Be2 hxg5 19.hxg5 Nd7 20.Rxh8 Rxh8 21.Rh1 Qd8 22.Qg4 Rxh1+
23.Nxh1 f6 24.gxf6 Nxf6 25.Qxg7 Nxe4 26.Bh6 Bf6 27.Qg4 c3 28.b4 Qd5 29.Bf3 Qxa2
30.Kd1 Qb1+ 31.Bc1 Bg5 32.Bxe4 Qxc1+ 33.Ke2 Qe3+  0-1

[Event "Politiken Cup"]
[Site "Copenhagen DEN"]
[Date "2000.07.28"]
[Round "11"]
[White "Bromann,T"]
[Black "Henrichsen,J"]
[Result "1-0"]
[WhiteElo "2261"]
[BlackElo "2046"]

1.e4 c5 2.Nf3 Nc6 3.d4 cxd4 4.Nxd4 e6 5.Nc3 Qc7 6.Ndb5 Qb8 7.Be3 a6 8.Bb6 axb5
9.Nxb5 Bb4+ 10.c3 Ba5 11.Nc7+ Qxc7 12.Bxc7 Bxc7 13.Qg4 Kf8 14.f4 Nf6 15.Qf3 d5
16.e5 Ne4 17.Bd3 Nc5 18.Bc2 g6 19.O-O h5 20.a4 Bb6 21.Kh1 Bd7 22.b4 Ne4 23.Bxe4 dxe4
24.Qxe4 h4 25.h3 Kg7 26.Rfd1 Rad8 27.a5  1-0

[Event "KB Czech Open"]
[Site "Pardubice CZE"]
[Date "2000.07.28"]
[Round "8"]
[White "Filipenko,A"]
[Black "Stefansson,H"]
[Result "1/2-1/2"]
[WhiteElo "2373"]
[BlackElo "2557"]

1.e4 c5 2.Nf3 Nc6 3.d4 cxd4 4.Nxd4 e6 5.Nc3 Qc7 6.f4 a6 7.Nxc6 Qxc6 8.Bd3 b5
9.Qe2 Bb7 10.Bd2 Bc5 11.O-O-O Nf6 12.e5 Nd5 13.Ne4 Be7 14.Kb1 b4 15.Rhf1 O-O-O
16.c4 bxc3 17.Nxc3 Nxc3+ 18.Bxc3 Kb8 19.g3 f5 20.Qd2 Bc5 21.Bc2 Bb6 22.Bb4 Ka7
23.Ba5 h6 24.Bxb6+ Qxb6 25.Rfe1 Bd5 26.Qe3 Qxe3 27.Rxe3 d6 28.exd6 Rxd6 29.Re5 g5
30.b4 gxf4 31.gxf4 Rb8 32.a3 a5 33.Ka1 axb4 34.Bb3 Rb5 35.Bxd5 exd5 36.a4 Rc5
37.Kb2 Kb6 38.Rxf5 Ka5 39.Rf8 Kxa4 40.Rb8 Rc3 41.Ra1+ Ra3 42.Ra8+ Kb5 43.R1xa3 bxa3+
44.Rxa3 Rf6 45.Rh3 Kc4 46.Kc2 Kd4 47.Rh5 Rd6 48.Rf5 Ke4 49.Rf8 Ra6 50.f5 Ra2+
51.Kb1 Rf2 52.f6 Kd3 53.f7 d4 54.h4 h5 55.Ka1 Kd2 56.Rd8 Rxf7 57.Rxd4+ Kc2
58.Rc4+ Kb3 59.Rc1 Rf4 60.Rh1 Kc2 61.Rh2+ Kd1 62.Kb2 Rf3 63.Rc2 Rh3 64.Rc4 Kd2
65.Rb4 Rh1 66.Ra4 Ke3 67.Kc2 Ke2 68.Rb4 Rh2 69.Ra4 Ke3+ 70.Kd1 Rh1+ 71.Kc2 Kf3
72.Kd2 Rb1 73.Rc4 Rb5 74.Ke1 Kg2 75.Rc2+ Kg1 76.Ke2  1/2-1/2

[Event "MTO Open"]
[Site "Biel SUI"]
[Date "2000.07.30"]
[Round "6"]
[White "Klovans,J"]
[Black "Galkin,A"]
[Result "1/2-1/2"]
[WhiteElo "2481"]
[BlackElo "2587"]

1.e4 c5 2.Nf3 e6 3.d4 cxd4 4.Nxd4 Nc6 5.Nc3 Qc7 6.Be2 a6 7.O-O Nf6 8.Be3 Bb4
9.Na4 Be7 10.Nxc6 bxc6 11.Nb6 Rb8 12.Nxc8 Qxc8 13.e5 Nd5 14.Bc1 Bc5 15.c4 Ne7
16.b3 Qc7 17.Bb2 d6 18.exd6 Bxd6 19.g3 Be5 20.Bxe5 Qxe5 21.Bd3 Rd8 22.Qc2 c5
23.Be4 h6 24.Rfe1 Qc7 25.b4 O-O 26.b5 a5 27.Rad1 Nc8 28.Qc3 a4  1/2-1/2

[Event "Open"]
[Site "Kavala GRE"]
[Date "2000.07.30"]
[Round "7"]
[White "Mastrovasilis,D"]
[Black "Fakhiridou,E"]
[Result "1-0"]
[WhiteElo "2386"]
[BlackElo "2277"]

1.e4 c5 2.Nf3 Nc6 3.Nc3 e6 4.d4 cxd4 5.Nxd4 Qc7 6.Be2 a6 7.f4 b5 8.Nxc6 Qxc6
9.Bf3 Bb7 10.e5 Qc7 11.O-O Rc8 12.Ne4 f5 13.exf6 Nxf6 14.Nxf6+ gxf6 15.f5 Rg8
16.fxe6 dxe6 17.Qe2 Qb6+ 18.Kh1 Bxf3 19.Rxf3 Rg6 20.Bf4 Rc4 21.b3 Rc6 22.Rd1 e5
23.Rfd3 Rd6 24.Bg3 Qc6 25.Rxd6 Bxd6 26.Qh5 Kf8 27.Qxh7 Qxc2 28.Rf1 Be7 29.a4 bxa4
30.bxa4 a5 31.h4 Qc4 32.Rb1 Rg7 33.Qh8+ Kf7 34.Qh5+ Ke6 35.Rb6+ Kd7 36.Qf5+ Kc7
37.Re6 Rxg3 38.Rxe7+ Kc6 39.Qxf6+ Kc5 40.Qxe5+  1-0

[Event "HZ Open"]
[Site "Vlissingen NED"]
[Date "2000.07.30"]
[Round "3"]
[White "Kuijpers,F"]
[Black "Michiels,B"]
[Result "1-0"]
[WhiteElo "2386"]
[BlackElo "2055"]

1.e4 c5 2.Nf3 Nc6 3.d4 cxd4 4.Nxd4 e6 5.Nc3 Qc7 6.Be3 a6 7.Bd3 b5 8.O-O Bb7
9.a3 Rc8 10.Qd2 Nf6 11.h3 Be7 12.Nb3 d6 13.f4 O-O 14.Qf2 Nd7 15.Rae1 Bf6
16.Nd1 Na5 17.Nxa5 Qxa5 18.c3 Nc5 19.Bxc5 dxc5 20.e5 Be7 21.Qg3 c4 22.Bb1 Rcd8
23.Re2 Qb6+ 24.Kh2 Rd7 25.Ne3 Rfd8 26.f5 Rd2 27.f6 Bf8 28.fxg7 Bxg7 29.Bxh7+ Kf8
30.Ref2 Rxf2 31.Rxf2 Qc5 32.Ng4 Bc6 33.Bg6 Be8 34.Be4 a5 35.Qf4 Qc7 36.g3 Rd1
37.h4 Qd8 38.h5 Ke7 39.Qg5+ Kf8 40.Qxd8 Rxd8 41.h6 Bh8 42.Kg2 Kg8 43.Kf3 f5
44.exf6 Bh5 45.Kf4 Kf7 46.Ne5+ Kxf6 47.g4 Be8 48.g5+ Ke7 49.g6 Bf6 50.g7 Bxe5+
51.Kxe5 Bf7 52.h7  1-0

[Event "MTO Open"]
[Site "Biel SUI"]
[Date "2000.07.31"]
[Round "7"]
[White "Ciric,DM"]
[Black "Illijin,N"]
[Result "1/2-1/2"]
[WhiteElo "2356"]
[BlackElo "2258"]

1.e4 c5 2.Nf3 e6 3.d4 cxd4 4.Nxd4 Nc6 5.Nc3 a6 6.g3 Qc7 7.Bg2 Nf6 8.O-O Be7
9.Nce2 O-O 10.c4 d6 11.b3 Rd8 12.Nc3 Bd7  1/2-1/2

[Event "MTO Open"]
[Site "Biel SUI"]
[Date "2000.07.31"]
[Round "7"]
[White "Avrukh,B"]
[Black "Huzman,A"]
[Result "1/2-1/2"]
[WhiteElo "2625"]
[BlackElo "2574"]

1.e4 c5 2.Nf3 e6 3.Nc3 Nc6 4.d4 cxd4 5.Nxd4 Nf6 6.Ndb5 d6 7.Bf4 e5 8.Bg5 a6
9.Na3 b5 10.Nd5 Be7 11.Bxf6 Bxf6 12.c3 O-O 13.Nc2 Rb8 14.Be2 Bg5 15.Qd3 Be6
16.Rd1 Qd7 17.O-O Rfc8 18.Qg3 Bd8 19.Nce3 Kh8 20.Rd2 Ne7 21.Rfd1 Rc6 22.Nb4 Rcb6
23.Bg4 a5 24.Nd3 Ng6 25.Bxe6 Qxe6 26.Nf5 Be7 27.Nc1 b4 28.Rd5 bxc3 29.Qxc3 Rxb2
30.g3 Bf8 31.h4 h5 32.Qf3 Kg8 33.Qxh5 Qc8 34.Qf3 Rb1 35.Nb3 Rxd1+ 36.Qxd1 Qc4
37.h5 Qxe4 38.hxg6 Qxf5 39.gxf7+ Kxf7 40.Rxa5 Qe6 41.Nd2 Qf5 42.Qa4 Qd3 43.Qd7+ Kf6
44.Ra3 Qxa3 45.Ne4+ Kg6 46.Qe6+ Kh5  1/2-1/2

[Event "MTO Open"]
[Site "Biel SUI"]
[Date "2000.08.01"]
[Round "8"]
[White "Perruchoud,B"]
[Black "Rufener,M"]
[Result "1-0"]
[WhiteElo "2233"]
[BlackElo "2138"]

1.e4 c5 2.Nf3 e6 3.d4 cxd4 4.Nxd4 Nc6 5.Nc3 a6 6.Be2 Qc7 7.Be3 Nf6 8.O-O Bb4
9.Nxc6 bxc6 10.Qd4 c5 11.Qd3 Bb7 12.f3 Rc8 13.Rad1 O-O 14.a3 Bxc3 15.Qxc3 d5
16.Bg5 d4 17.Qe1 Nd7 18.b3 Nb6 19.a4 c4 20.Kh1 d3 21.cxd3 cxb3 22.a5 Qc5
23.Qg3 Nd7 24.Bh6 Qd4 25.Rb1 Kh8 26.Bc1 Rc2 27.Ba3 b2 28.Bxf8 Rxe2 29.Ba3 e5
30.f4 f6 31.Qg4 Rc2 32.Bxb2 Qxd3 33.Rfd1 Qxe4 34.Rxd7 g6 35.Rd8+ Kg7 36.Qd7+ Kh6
37.Qh3+ Kg7 38.Rd7+  1-0

[Event "zt 2.5"]
[Site "Buenos Aires ARG"]
[Date "2000.08.02"]
[Round "7"]
[White "Peralta,E"]
[Black "Crosa,M"]
[Result "0-1"]
[WhiteElo "2330"]
[BlackElo "2242"]

1.e4 c5 2.Nf3 e6 3.Nc3 Nc6 4.d4 cxd4 5.Nxd4 Nf6 6.g3 Qc7 7.Bg2 a6 8.O-O Be7
9.Nb3 O-O 10.f4 d6 11.g4 d5 12.e5 Nd7 13.g5 Re8 14.Qh5 g6 15.Qh6 Nb4 16.Rf3 Nxc2
17.Rh3 Nf8 18.Rb1 a5 19.Bd2 a4 20.Nc1 Nd4 21.Qh4 b5 22.a3 Rb8 23.Nd3 Bd7
24.Kh1 Rec8 25.Rf1 Nf5 26.Qe1 Qb7 27.Rg1 Rc4 28.Nf2 b4 29.axb4 Rxb4 30.Ng4 Rxb2
31.Nxd5 exd5 32.e6 Bxe6 33.Bc3 Rxg2 34.Rxg2 d4 35.Bxd4 Qb1  0-1

[Event "4th Open"]
[Site "Korinthos GRE"]
[Date "2000.08.02"]
[Round "9"]
[White "Kotronias,V"]
[Black "Bagaturov,G"]
[Result "0-1"]
[WhiteElo "2539"]
[BlackElo "2501"]

1.e4 c5 2.Nf3 e6 3.d4 cxd4 4.Nxd4 Nc6 5.Nc3 Nf6 6.Ndb5 Bb4 7.a3 Bxc3+ 8.Nxc3 d5
9.exd5 exd5 10.Bd3 O-O 11.O-O d4 12.Ne2 Bg4 13.Bg5 Qd6 14.f3 Bh5 15.Qe1 Bg6
16.Rd1 Qe5 17.Bf4 Qc5 18.b4 Qb6 19.Bd6 Rfe8 20.Bc5 Qc7 21.Qf2 Bxd3 22.Rxd3 Ne5
23.Rd2 Nc4 24.Rxd4 Nxa3 25.c4 Rad8 26.Bxa7 Nxc4 27.Rc1 b5 28.Rdxc4 Qxc4 29.Rxc4 Rd1+
30.Qf1 Rxf1+ 31.Kxf1 bxc4 32.Nc3 Rd8  0-1

[Event "Scandic Hotels GM"]
[Site "Stockholm SWE"]
[Date "2000.08.02"]
[Round "5"]
[White "Wedberg,T"]
[Black "Matros,A"]
[Result "1/2-1/2"]
[WhiteElo "2473"]
[BlackElo "2425"]

1.e4 c5 2.Nf3 Nc6 3.d4 cxd4 4.Nxd4 e6 5.Nc3 Qc7 6.g3 a6 7.Bg2 Nf6 8.O-O Nxd4
9.Qxd4 Bc5 10.Bf4 d6 11.Qd3 h6 12.Na4 e5 13.Nxc5 exf4 14.Nb3 fxg3 15.hxg3 Bg4
16.Rfe1 O-O 17.Nd4 Rac8 18.c3 Rfe8 19.Rac1 Re5 20.Re3 Rce8 21.Rce1 b5 22.a3 Bc8
23.Nf3 R5e7 24.Qd4 Ng4  1/2-1/2

[Event "MTO Open"]
[Site "Biel SUI"]
[Date "2000.08.03"]
[Round "10"]
[White "Pahud,C"]
[Black "Velcheva,M"]
[Result "0-1"]
[WhiteElo "2103"]
[BlackElo "2302"]

1.e4 c5 2.Nf3 e6 3.d4 cxd4 4.Nxd4 Nc6 5.Nc3 Qc7 6.Be2 Nf6 7.O-O Bb4 8.Ndb5 Qb8
9.a3 Bc5 10.b4 Be7 11.Nd4 O-O 12.Bb2 d6 13.f4 Rd8 14.Bf3 Qc7 15.Kh1 a6 16.Rc1 Ne5
17.Nxe6 fxe6 18.fxe5 dxe5 19.Qe2 b5 20.Nd1 a5 21.Qxb5 Ba6 22.Bxe5 Qc8 23.Qb6 Bxf1
24.Bxf6 Bxf6 25.e5 Bg5 26.Ne3 Ra6 27.Bb7 Rxb6 28.Bxc8  0-1

[Event "MTO Open"]
[Site "Biel SUI"]
[Date "2000.08.03"]
[Round "10"]
[White "Balcerak,P"]
[Black "Schaufelberger,H"]
[Result "1/2-1/2"]
[WhiteElo "2110"]
[BlackElo "2264"]

1.e4 c5 2.Nf3 e6 3.d4 cxd4 4.Nxd4 Nc6 5.Nc3 Qc7 6.Be2 Nf6 7.O-O a6 8.Kh1 Bb4
9.Nxc6 Qxc6 10.Bf3 Bxc3 11.bxc3 b5 12.Ba3 Bb7 13.e5 Nd5 14.Qd4 g5 15.Bd6 h5
16.a4 f5 17.axb5 axb5 18.Rxa8+ Bxa8 19.Bxd5 Qxd5 20.Qxd5 Bxd5 21.Rb1 Bc6
22.c4 b4 23.Rxb4 Kf7 24.Rb8  1/2-1/2

[Event "Proclient Cup"]
[Site "Olomouc CZE"]
[Date "2000.08.03"]
[Round "2"]
[White "Simacek,P"]
[Black "Pisk,P"]
[Result "1/2-1/2"]
[WhiteElo "2341"]
[BlackElo "2400"]

1.e4 c5 2.Nf3 Nc6 3.Nc3 e6 4.d4 cxd4 5.Nxd4 Qc7 6.g3 a6 7.Bg2 Nf6 8.O-O Bc5
9.Bf4 e5 10.Nb3 exf4 11.Nxc5 d6 12.Nd3 fxg3 13.hxg3 Be6 14.Nd5 Bxd5 15.exd5 Ne7
16.c4 O-O 17.Rc1 Rfd8 18.Re1 Ng6 19.c5 h5 20.Bf3 h4 21.g4 dxc5 22.Nxc5 Qf4
23.Nd3 Qd4 24.Nc5 Qf4 25.Nd3 Qd4  1/2-1/2

[Event "It"]
[Site "Montreal CAN"]
[Date "2000.08.06"]
[Round "4"]
[White "Goldenberg,D"]
[Black "Schleifer,M"]
[Result "0-1"]
[WhiteElo "2310"]
[BlackElo "2364"]

1.e4 c5 2.Nf3 e6 3.Nc3 Nc6 4.d4 cxd4 5.Nxd4 d6 6.Be3 Nf6 7.Bd3 Be7 8.O-O e5
9.Nf5 Bxf5 10.exf5 d5 11.Bg5 a6 12.Re1 Qd7 13.Bf1 O-O-O 14.Na4 Qxf5 15.Bxf6 gxf6
16.Re3 Kc7 17.Rb3 Rhg8 18.Qd2 Rg4 19.Qe3 d4 20.Qe1 b5 21.Bxb5 axb5 22.Rxb5 d3
23.Nc3 Rxg2+ 24.Kf1 Rg1+  0-1

[Event "Mipap Cup"]
[Site "Olomouc CZE"]
[Date "2000.08.06"]
[Round "7"]
[White "Schneider,D"]
[Black "Sluka,R"]
[Result "0-1"]
[WhiteElo "2382"]
[BlackElo "2302"]

1.e4 c5 2.Nf3 Nc6 3.Nc3 e6 4.d4 cxd4 5.Nxd4 a6 6.g3 Nge7 7.Nb3 b5 8.Bg2 Ng6
9.O-O Be7 10.a4 b4 11.Nd5 exd5 12.exd5 Bb7 13.dxc6 Bxc6 14.Be3 Qc7 15.Bd4 O-O
16.Re1 Rfe8 17.Qe2 Bxg2 18.Kxg2 Bf8 19.Qxe8 Rxe8 20.Rxe8 Qxc2 21.Re3 h5 22.Rc1 Qf5
23.h4 Kh7 24.Kf1 Bd6 25.Bc5 Be5 26.Nd4 Qh3+ 27.Ke2 d6 28.Nf3 Qg4 29.Kf1 f6
30.Nxe5 dxe5 31.Ke1 f5 32.b3 f4 33.Re4 Qf3 34.Rcc4 fxg3 35.fxg3 Qxg3+ 36.Kd2 Qxb3
37.Bxb4 Qxa4 38.Kc3 Qa1+ 39.Kb3 Qd1+ 40.Ka3 Nf4 41.Re1 Qd3+ 42.Rc3 Qd4 43.Rg3 Nd3
44.Rb1 a5 45.Bxa5 Qc5+ 46.Kb3 Qd5+ 47.Kc2 Qa2+  0-1

[Event "TCh-ESP"]
[Site "Barcelona ESP"]
[Date "2000.08.07"]
[Round "3"]
[White "Sion Castro,M"]
[Black "Serrano Salvador,E"]
[Result "1/2-1/2"]
[WhiteElo "2420"]
[BlackElo "2119"]

1.e4 c5 2.Nf3 e6 3.d4 cxd4 4.Nxd4 Nc6 5.Nc3 Qc7 6.Be2 a6 7.O-O Nf6 8.Be3 Bb4
9.Nxc6 dxc6 10.Na4 O-O 11.f4 b5 12.Nb6 Rb8 13.Nxc8 Rbxc8 14.c3 Be7 15.Qc2 Nd7
16.Kh1 Bc5 17.Bd2 Ba7 18.a4 Nc5 19.axb5 cxb5 20.c4 Qb7 21.Be3 bxc4 22.Bxc4 Nb3
23.Qxb3 Qxb3 24.Bxb3 Bxe3 25.f5 exf5 26.Rxf5 Rb8 27.Bd5 Rxb2 28.Raf1 Rc2
29.e5 g6 30.R5f3 Rc1 31.Rxf7 Rxf7 32.Bxf7+ Kf8 33.Rxc1 Bxc1 34.Bc4  1/2-1/2

[Event "FSELOA August"]
[Site "Budapest HUN"]
[Date "2000.08.08"]
[Round "4"]
[White "Timko,M"]
[Black "Jansen,F"]
[Result "1-0"]
[WhiteElo "2093"]
[BlackElo "2063"]

1.e4 c5 2.Nf3 Nc6 3.d4 cxd4 4.Nxd4 e6 5.Nc3 a6 6.Be3 Qc7 7.Bd3 b5 8.f3 Bb7
9.Qd2 Rc8 10.a3 Nxd4 11.Bxd4 Ne7 12.Bxb5 axb5 13.Nxb5 Qc6 14.Na7 Qxc2 15.Nxc8 Qxd2+
16.Kxd2 Nc6 17.Bxg7  1-0

[Event "TCh-ESP"]
[Site "Barcelona ESP"]
[Date "2000.08.09"]
[Round "5"]
[White "Elguezabal Varela,D"]
[Black "Matamoros Franco,C"]
[Result "0-1"]
[WhiteElo "2400"]
[BlackElo "2467"]

1.d4 e6 2.Nf3 c5 3.e4 cxd4 4.Nxd4 Nc6 5.Nc3 Qc7 6.Be2 a6 7.Be3 b5 8.a3 Bb7
9.O-O Nf6 10.Kh1 Rc8 11.f3 Be7 12.Nxc6 Bxc6 13.Bd3 O-O 14.Qe2 d5 15.exd5 Nxd5
16.Nxd5 Bxd5 17.a4 Bf6 18.axb5 axb5 19.c3 Bc4 20.Rfd1 Ra8 21.Bxc4 bxc4 22.Qf2 Qb7
23.Bc5 Rxa1 24.Rxa1 Rd8 25.Qe2 Rd3 26.Be3 h5 27.Kg1 Qd5 28.Re1 h4 29.Kf1 g6
30.g3 Bg5 31.Bxg5 Qxg5 32.Rd1 hxg3 33.hxg3 Rxd1+ 34.Qxd1 Qxg3 35.Qd8+ Kg7
36.Qd4+ e5 37.Qd5 g5 38.Ke2 Qh2+ 39.Kd1 Qf4 40.Kc2 Qf5+ 41.Kc1 Kh6 42.Qa8 Kg7
43.Qd5 Qe6 44.Qe4 f5 45.Qb7+ Kg6 46.Kd2 e4  0-1

[Event "TCh-ESP"]
[Site "Barcelona ESP"]
[Date "2000.08.10"]
[Round "6"]
[White "Armengol Comas,J"]
[Black "Fernandez Garcia,J"]
[Result "1-0"]
[WhiteElo "2160"]
[BlackElo "2454"]

1.e4 c5 2.Nc3 e6 3.Nf3 Nc6 4.d4 cxd4 5.Nxd4 Nf6 6.Ndb5 d6 7.Bf4 e5 8.Bg5 a6
9.Na3 b5 10.Bxf6 gxf6 11.Nd5 f5 12.Bd3 Be6 13.Qh5 Bg7 14.O-O f4 15.c4 b4
16.Nc2 a5 17.b3 O-O 18.a3 bxa3 19.Rxa3 Rb8 20.g3 Qd7 21.gxf4 exf4 22.Nf6+ Bxf6
23.e5 Rfc8 24.Qxh7+ Kf8 25.exf6 Ne7 26.Qg7+  1-0

[Event "Lost Boys Open"]
[Site "Amsterdam NED"]
[Date "2000.08.11"]
[Round "1"]
[White "Van Delft,M"]
[Black "Michiels,B"]
[Result "1/2-1/2"]
[WhiteElo "2320"]
[BlackElo "2055"]

1.e4 c5 2.Nf3 Nc6 3.d4 cxd4 4.Nxd4 e6 5.Nc3 Qc7 6.Be2 a6 7.O-O b5 8.Nxc6 dxc6
9.a4 b4 10.Nb1 Nf6 11.Nd2 Bc5 12.Bd3 O-O 13.Nc4 e5 14.a5 Be6 15.Qe2 Bg4 16.Qe1 Nd7
17.Bd2 Qb7 18.b3 Rfe8 19.Ra4 Rab8 20.Ne3 Be6 21.Qe2 Ra8 22.Bc4 Nf8 23.Nf5 Red8
24.Be3 Bxe3 25.Qxe3 Bxc4 26.bxc4 Ne6 27.Qb6 Rab8 28.Qxc6 g6 29.Qxb7 Rxb7
30.Ne3 Nc5 31.Raa1 Nxe4 32.Rfd1 Rd4 33.Rxd4 exd4 34.Nd5 b3 35.cxb3 Rxb3 36.f3 Nc3
37.Nxc3 Rxc3 38.Rb1 Rxc4 39.Rb6 Rc1+ 40.Kf2 Rc2+ 41.Kg3 d3 42.Rxa6 d2 43.Rd6 Ra2
44.a6 Rxa6 45.Rxd2 Ra5 46.Kf2 Kg7 47.h4 h5 48.Kg3  1/2-1/2

[Event "TCh-ESP"]
[Site "Barcelona ESP"]
[Date "2000.08.12"]
[Round "8"]
[White "Suarez Pousa,D"]
[Black "Fluvia Poyatos,J"]
[Result "1/2-1/2"]
[WhiteElo "2374"]
[BlackElo "2403"]

1.e4 c5 2.Nc3 e6 3.Nf3 Nc6 4.d4 cxd4 5.Nxd4 Qc7 6.g3 a6 7.Bg2 Nf6 8.O-O Rb8
9.a4 d6 10.Nb3 Na5 11.Nxa5 Qxa5 12.Bf4 Qc7 13.Qd2 Nd7 14.Rad1 Ne5 15.b3 Bd7
16.Na2 Be7 17.c4 b5 18.Nb4 Ra8 19.cxb5 axb5 20.Rc1 Qb7 21.a5 Rxa5 22.Nd5 Bd8
23.Nb4 Be7 24.Bxe5 dxe5 25.Nc6 Ra6 26.Nxe7 Kxe7 27.Qg5+ Ke8 28.Qxg7 Rf8 29.Qxe5 Rc6
30.Rxc6 Qxc6 31.Qg5 f6 32.Qh5+ Rf7 33.b4 Qc4 34.Rb1 Bc6 35.Qg4 f5 36.Qg8+ Rf8
37.Qxh7 fxe4 38.Qg6+ Kd8 39.Qg5+ Kd7 40.Qg7+ Ke8 41.Qg6+ Kd7 42.Rd1+ Kc8
43.Qh6 Rf7 44.Rc1 Qd5 45.Qe3 Rc7 46.Qc5 Kb7 47.h4 Rh7 48.Qxc6+  1/2-1/2

[Event "4th ch-Arab"]
[Site "Beirut LEB"]
[Date "2000.08.12"]
[Round "7"]
[White "Doghri,N"]
[Black "Mohammad,S"]
[Result "1/2-1/2"]
[WhiteElo "2342"]
[BlackElo "2287"]

1.e4 c5 2.Nc3 Nc6 3.Nf3 e6 4.d4 cxd4 5.Nxd4 Nf6 6.Ndb5 d6 7.Bf4 e5 8.Bg5 a6
9.Bxf6 gxf6 10.Na3 b5 11.Nd5 f5 12.c3 Bg7 13.exf5 Bxf5 14.Nc2 Ne7 15.Nxe7 Bxc2
16.Qxc2 Qxe7 17.Qe4 O-O 18.g4 d5 19.Qxd5 b4 20.Qe4 bxc3 21.bxc3 Rac8 22.Bd3 Qh4
23.Rc1 Qh3 24.Rg1 Rfd8 25.Rg3 Qxh2 26.Ke2 Rb8 27.Rf3 Rb2+ 28.Rc2 Rb6 29.Rf5 Rf6
30.Rxf6 Bxf6 31.Rb2 Rd6 32.Rb8+ Bd8 33.Qf5 Qh4 34.Bc4 Qe7 35.Qe4 Rb6 36.Rxb6 Bxb6
37.Qc6 Ba7 38.Bxa6 e4 39.Bc4 e3 40.f4 Qd8 41.Bd5 Kg7 42.g5 Qb6 43.Qd7 Qb2+
44.Kd3 Qb1+ 45.Kc4 Qxa2+ 46.Kb4 Qb1+ 47.Ka4  1/2-1/2

[Event "101st US Open"]
[Site "Saint Paul USA"]
[Date "2000.08.12"]
[Round "8"]
[White "Valvo,M"]
[Black "Wilson,B"]
[Result "1-0"]
[WhiteElo "2368"]
[BlackElo "2243"]

1.e4 c5 2.Nf3 e6 3.d4 cxd4 4.Nxd4 Nc6 5.Nc3 Qc7 6.f4 d6 7.Be3 a6 8.Qf3 Nf6
9.O-O-O Be7 10.g4 Nxd4 11.Rxd4 b5 12.g5 Nd7 13.h4 Rb8 14.h5 Nc5 15.f5 b4
16.Ne2 b3 17.axb3 Nxb3+ 18.Kb1 Nxd4 19.Nxd4 e5 20.Ne2 Rb4 21.Bd2 a5 22.Bxb4 axb4
23.g6 hxg6 24.hxg6 Rxh1 25.gxf7+ Kxf7 26.Qxh1 d5 27.Qh5+ Kg8 28.exd5 Qd8
29.Ng3 Bh4 30.Bc4 Ba6 31.Bb3  1-0

[Event "Lost Boys Open"]
[Site "Amsterdam NED"]
[Date "2000.08.13"]
[Round "3"]
[White "Smeets,J"]
[Black "Kiseleva,N"]
[Result "1/2-1/2"]
[WhiteElo "2183"]
[BlackElo "2323"]

1.e4 c5 2.Nf3 e6 3.d4 cxd4 4.Nxd4 Nc6 5.Nc3 Qc7 6.Be2 a6 7.O-O Nf6 8.Be3 Bb4
9.Na4 Be7 10.Nxc6 bxc6 11.Nb6 Rb8 12.Nxc8 Qxc8 13.e5 Nd5 14.Bc1 Bc5 15.c4 Ne7
16.b3 Qc7 17.Bb2 d6 18.exd6 Bxd6 19.g3 Be5 20.Bxe5 Qxe5 21.c5 a5 22.Bf3 Qxc5
23.Rc1 Qa3 24.Bxc6+ Nxc6 25.Rxc6 O-O 26.Qe2 Rfc8 27.Qe5 h6 28.Rxc8+ Rxc8
29.Qe2 Rc1 30.h4 g6 31.Rxc1 Qxc1+ 32.Kg2 h5 33.Qd3 Qa3 34.Qd2 e5 35.Qe2 e4
36.Qxe4  1/2-1/2

[Event "Lost Boys Open"]
[Site "Amsterdam NED"]
[Date "2000.08.13"]
[Round "3"]
[White "Van Delft,M"]
[Black "Tregubov,P"]
[Result "1/2-1/2"]
[WhiteElo "2320"]
[BlackElo "2620"]

1.e4 c5 2.Nf3 e6 3.d4 cxd4 4.Nxd4 Nc6 5.Nc3 Qc7 6.g3 a6 7.Bg2 d6 8.O-O Bd7
9.Nxc6 Bxc6 10.a4 Nf6 11.a5 Be7 12.Be3 Nd7 13.Na4 O-O 14.Nb6 Rae8 15.c4 Nxb6
16.Bxb6 Qc8 17.Qd3 f5 18.exf5 Bxg2 19.Kxg2 Qc6+ 20.Kg1 Rxf5 21.Rfe1 Rf3 22.Re3 Ref8
23.Rxf3 Qxf3 24.Rd1 Qxd3 25.Rxd3 Rc8 26.b3 h5 27.f4 Kf7 28.Kg2 Ke8 29.Kf3 Kd7
30.Ke4 g6 31.Rd2 Kc6 32.Re2 Bf6 33.Kd3 Kd7 34.Bd4 Be7 35.h3 Rf8 36.Be3 Bd8
37.Bd2 Bc7 38.Rf2 g5 39.Ke2 gxf4 40.Rxf4 Rxf4 41.gxf4 Kc6 42.Kd3 d5 43.Kd4 dxc4
44.Kxc4 Bd8  1/2-1/2

[Event "TCh-ESP"]
[Site "Barcelona ESP"]
[Date "2000.08.13"]
[Round "9"]
[White "Molina Garcia,A"]
[Black "Varas,C"]
[Result "0-1"]
[WhiteElo "2172"]
[BlackElo "2297"]

1.e4 c5 2.Nf3 e6 3.d4 cxd4 4.Nxd4 Nc6 5.Nc3 a6 6.Be3 Qc7 7.Bd3 Nf6 8.O-O Ne5
9.h3 Bc5 10.Qe2 d6 11.Nb3 Bxe3 12.Qxe3 b5 13.Rad1 O-O 14.Rfe1 b4 15.Nb1 Bb7
16.N1d2 Rac8 17.f4 Ng6 18.g3 Rfe8 19.Nf3 e5 20.f5 Ne7 21.Qf2 d5 22.exd5 Nexd5
23.Nfd2 h6 24.Ne4 Nxe4 25.Rxe4 Nf6 26.Rxb4 e4 27.Be2 e3 28.Qh2 Ne4 29.g4 Ng3
30.Re1 a5 31.Rd4 Nxe2+ 32.Rxe2 Qxh2+ 33.Kxh2 Bf3 34.Re1 Rxc2+ 35.Kg3 Ba8
36.Nxa5 Rxb2 37.a4 Rg2+ 38.Kf4 e2 39.Nc4 Rf2+ 40.Kg3 Rf3+ 41.Kh4 Rf1 42.Rxe2 Rxe2
43.Rd8+ Kh7 44.Rxa8 Rf3 45.Nd6 Ree3 46.g5 Rf4+  0-1

[Event "TCh-ESP"]
[Site "Barcelona ESP"]
[Date "2000.08.13"]
[Round "9"]
[White "Hamdouchi,H"]
[Black "Cramling,P"]
[Result "1/2-1/2"]
[WhiteElo "2541"]
[BlackElo "2484"]

1.e4 c5 2.Nf3 e6 3.d4 cxd4 4.Nxd4 Nc6 5.Nc3 Qc7 6.Be3 a6 7.Bd3 Nf6 8.O-O Ne5
9.h3 Bc5 10.Na4 Ba7 11.c4 O-O 12.Rc1 d6 13.Kh1 Bd7 14.Nc3 Rac8 15.b3 Qb8
16.a4 Bc5 17.Bb1 b6 18.Bg5 Kh8 19.f4 Ng6 20.Bxf6 gxf6 21.Qd2 Rc7 22.f5 Ne5
23.Nce2 Qd8 24.Nf4 Bxd4 25.Qxd4 Rc6 26.Nh5 exf5 27.exf5 d5 28.cxd5 Rd6 29.Qb4 Qe7
30.Ng3 a5 31.Qa3 Re8 32.Rcd1 Bc6 33.Be4 Bb7 34.Rd4 Rg8 35.Ne2 Ba6 36.Re1 Bxe2
37.Rxe2 Rc8 38.Qb2 Rc5 39.Qd2 Qc7 40.Re1 Kg7 41.Bb1 Kf8 42.Qh6+ Ke7 43.Be4 Rc3
44.Rdd1 Rd8 45.Bf3 Qd6 46.Bh5 Rf8 47.Be2 Rg8 48.Qxh7 Rcg3 49.Bg4 Rd8 50.Bh5 Rf8
51.Bf3 Kd8 52.Be4 Rfg8 53.Qh4 Nd7 54.Bf3 Ne5 55.Qf4 Kd7 56.Be4 Rxb3 57.Rc1 Rb4  1/2-1/2

[Event "Paul Keres mem"]
[Site "Tallinn EST"]
[Date "2000.08.14"]
[Round "1"]
[White "Timoshenko,G"]
[Black "Timoshin,J"]
[Result "1-0"]
[WhiteElo "2557"]
[BlackElo "2170"]

1.e4 c5 2.Nf3 e6 3.d4 cxd4 4.Nxd4 Nc6 5.Nc3 Nf6 6.Ndb5 d6 7.Bf4 e5 8.Bg5 a6
9.Na3 b5 10.Bxf6 gxf6 11.Nd5 f5 12.Bd3 Be6 13.O-O Bg7 14.Qh5 f4 15.c4 bxc4
16.Bxc4 O-O 17.Rac1 Nd4 18.Nc2 Nxc2 19.Rxc2 Rc8 20.Rfc1 a5 21.b3 Rc5 22.Rd1 f5
23.exf5 Rxf5 24.Qh3 e4 25.Nxf4 Bxc4 26.Rxc4 Qf6 27.Rxc5 Rxc5 28.g3 Rc2 29.Qd7 Bf8
30.Qe8 Qe7 31.Qxe7 Bxe7 32.Nd5 Bg5 33.h4 Bd8 34.Ne3 Rxa2 35.Rxd6 Bc7 36.Rc6 Be5
37.Rc4 Rb2 38.Rxe4 Bc3 39.Nd5 Rxb3 40.Nxc3 Rxc3 41.Re8+ Kf7 42.Ra8 Rc5 43.Kg2 Ke6
44.g4 Ke5 45.Kg3 Ke6 46.h5 Kf6 47.Ra7 h6 48.Rh7 Rc3+ 49.f3 a4 50.Rxh6+ Kg7
51.Ra6 a3 52.g5 Rb3 53.Kg4 Rb4+ 54.f4 Rb3 55.h6+ Kf7 56.Ra7+  1-0

[Event "Lost Boys Open"]
[Site "Amsterdam NED"]
[Date "2000.08.15"]
[Round "5"]
[White "Van der Weide,K"]
[Black "Kiseleva,N"]
[Result "1/2-1/2"]
[WhiteElo "2467"]
[BlackElo "2323"]

1.e4 c5 2.Nf3 e6 3.d4 cxd4 4.Nxd4 Nc6 5.Nc3 Qc7 6.f4 Nxd4 7.Qxd4 a6 8.Be2 b5
9.Be3 Bb7 10.O-O-O Rc8 11.Rd2 Nf6 12.Bf3 Be7 13.g4 Bc5 14.Qxc5 Qxc5 15.Bxc5 Rxc5
16.g5 Ng8 17.Rhd1 Rc7 18.h4 h6 19.h5 Ne7 20.a3 g6 21.gxh6 Rxh6 22.Rh1 gxh5
23.Rxh5 Rxh5 24.Bxh5 Rc4 25.Be2 Rc5 26.Bh5  1/2-1/2